|
|
|
|
| LEADER |
00925nab a2200277 i 4500 |
| 001 |
publ29023 |
| 005 |
20231207093623.0 |
| 008 |
231207s2022 hu o 0|| Angol d |
| 022 |
|
|
|a 2045-2322
|
| 024 |
7 |
|
|a 10.1038/s41598-022-15633-5
|2 doi
|
| 024 |
7 |
|
|a 33039426
|2 mtmt
|
| 040 |
|
|
|a SZTE Publicatio Repozitórium
|b hun
|
| 041 |
|
|
|a Angol
|
| 100 |
1 |
|
|a Kutasi Kristóf
|
| 245 |
1 |
0 |
|a Understanding hesitancy with revealed preferences across COVID-19 vaccine types
|h [elektronikus dokumentum] /
|c Kutasi Kristóf
|
| 260 |
|
|
|c 2022
|
| 300 |
|
|
|a 10
|
| 490 |
0 |
|
|a SCIENTIFIC REPORTS
|v 12 No. 1
|
| 650 |
|
4 |
|a Matematika
|
| 700 |
0 |
1 |
|a Koltai Júlia Anna
|e aut
|
| 700 |
0 |
2 |
|a Szabó-Morvai Ágnes
|e aut
|
| 700 |
0 |
2 |
|a Röst Gergely
|e aut
|
| 700 |
0 |
2 |
|a Karsai Márton
|e aut
|
| 700 |
0 |
2 |
|a Biró Péter
|e aut
|
| 700 |
0 |
2 |
|a Lengyel Balázs
|e aut
|
| 856 |
4 |
0 |
|u http://publicatio.bibl.u-szeged.hu/29023/1/s41598-022-15633-5.pdf
|z Dokumentum-elérés
|